El diario de Ana Frank = (Record no. 21029)

MARC details
000 -LEADER
fixed length control field 02935cam a2200481Ii 4500
001 - CONTROL NUMBER
control field 974037636
003 - CONTROL NUMBER IDENTIFIER
control field OCoLC
005 - DATE AND TIME OF LATEST TRANSACTION
control field 20180625200727.0
008 - FIXED-LENGTH DATA ELEMENTS--GENERAL INFORMATION
fixed length control field 170301t20162016mx a j 000 0aspa d
020 ## - INTERNATIONAL STANDARD BOOK NUMBER
International Standard Book Number 9786074533774 (pbk.)
020 ## - INTERNATIONAL STANDARD BOOK NUMBER
International Standard Book Number 6074533776 (pbk.)
035 ## - SYSTEM CONTROL NUMBER
System control number (OCoLC)974037636
040 ## - CATALOGING SOURCE
Original cataloging agency SAP
Language of cataloging eng
Description conventions rda
Transcribing agency SAP
Modifying agency BDX
-- OCLCF
-- HE$
041 1# - LANGUAGE CODE
Language code of text/sound track or separate title spa
-- eng
Language code of original ger
082 04 - DEWEY DECIMAL CLASSIFICATION NUMBER
Classification number 940.5318092
Edition number 23
092 ## - LOCALLY ASSIGNED DEWEY CALL NUMBER (OCLC)
Classification number SPA J
-- 92
Item number FRA
100 1# - MAIN ENTRY--PERSONAL NAME
Personal name Frank, Anne,
Dates associated with a name 1929-1945,
Authority record control number http://id.loc.gov/authorities/names/n79125789
Relator term author.
240 10 - UNIFORM TITLE
Uniform title <a href="Achterhuis.">Achterhuis.</a>
Language of a work Spanish
Authority record control number http://id.loc.gov/authorities/names/no2008103223.
245 13 - TITLE STATEMENT
Title El diario de Ana Frank =
Remainder of title The diary of Anne Frank /
Statement of responsibility, etc. Anne Frank.
246 31 - VARYING FORM OF TITLE
Title proper/short title Diary of Anne Frank.
260 ## - PUBLICATION, DISTRIBUTION, ETC. (IMPRINT)
Place of publication, distribution, etc. Mexico D.F. :
Name of publisher, distributor, etc. Selector USA,
Date of publication, distribution, etc. c2016.
264 #1 - PRODUCTION, PUBLICATION, DISTRIBUTION, MANUFACTURE, AND COPYRIGHT NOTICE
Place of production, publication, distribution, manufacture Mexico D.F. :
Name of producer, publisher, distributor, manufacturer Selector USA,
Date of production, publication, distribution, manufacture, or copyright notice [2016]
264 #4 - PRODUCTION, PUBLICATION, DISTRIBUTION, MANUFACTURE, AND COPYRIGHT NOTICE
Date of production, publication, distribution, manufacture, or copyright notice c2016.
300 ## - PHYSICAL DESCRIPTION
Extent 83 pages :
Other physical details illustrations ;
Dimensions 23 cm.
336 ## - CONTENT TYPE
Content type term text
Content type code txt
Source rdacontent.
337 ## - MEDIA TYPE
Media type term unmediated
Media type code n
Source rdamedia.
338 ## - CARRIER TYPE
Carrier type term volume
Carrier type code nc
Source rdacarrier.
500 ## - GENERAL NOTE
General note Translation of: Achterhuis.
520 ## - SUMMARY, ETC.
Summary, etc. Desde su encierro en el Anexo secreto, Ana Frank sue©ła con convertirse en escritora. Ella nunca lo supo, pero su famoso diario ha dado la vuelta al mundo, ha sido traducido a varios idiomas y se considera uno de los testimonios m©Łs genuinos del Holocausto. Por desgracia, Ana Frank muri©đ muy joven y su diario qued©đ inconcluso, pero entre sus p©Łginas todav©Ưa permanecen atrapados sus anhelos juveniles de amor, libertad y trascendencia.
546 ## - LANGUAGE NOTE
Language note In Spanish and English.
600 10 - SUBJECT ADDED ENTRY--PERSONAL NAME
Personal name Frank, Anne,
Dates associated with a name 1929-1945
Authority record control number http://id.loc.gov/authorities/names/n79125789
Form subdivision Diaries.
Authority record control number http://id.loc.gov/authorities/subjects/sh99001602.
650 #0 - SUBJECT ADDED ENTRY--TOPICAL TERM
Topical term or geographic name as entry element Holocaust, Jewish (1939-1945)
Geographic subdivision Netherlands
-- Amsterdam
Form subdivision Personal narratives.
Authority record control number http://id.loc.gov/authorities/subjects/sh2009126463.
650 #0 - SUBJECT ADDED ENTRY--TOPICAL TERM
Topical term or geographic name as entry element Jews
General subdivision Persecutions
Geographic subdivision Netherlands
Authority record control number http://id.loc.gov/authorities/subjects/sh2009127808
Geographic subdivision Amsterdam.
Authority record control number http://id.loc.gov/authorities/names/n78095634.
650 #0 - SUBJECT ADDED ENTRY--TOPICAL TERM
Topical term or geographic name as entry element Jews
Geographic subdivision Netherlands
Authority record control number http://id.loc.gov/authorities/subjects/sh85070477
Geographic subdivision Amsterdam
Authority record control number http://id.loc.gov/authorities/names/n78095634
Form subdivision Diaries.
Authority record control number http://id.loc.gov/authorities/subjects/sh99001602.
651 #0 - SUBJECT ADDED ENTRY--GEOGRAPHIC NAME
Geographic name Amsterdam (Netherlands)
Authority record control number http://id.loc.gov/authorities/names/n78095634
General subdivision Ethnic relations.
Authority record control number http://id.loc.gov/authorities/subjects/sh00005646.
655 #7 - INDEX TERM--GENRE/FORM
Genre/form data or focus term Diaries.
Source of term fast
Authority record control number (OCoLC)fst01423794.
655 #7 - INDEX TERM--GENRE/FORM
Genre/form data or focus term Personal narratives.
Source of term fast
Authority record control number (OCoLC)fst01423843.
655 #7 - INDEX TERM--GENRE/FORM
Genre/form data or focus term Diaries.
Source of term lcgft
Authority record control number http://id.loc.gov/authorities/genreForms/gf2014026085.
655 #7 - INDEX TERM--GENRE/FORM
Genre/form data or focus term Personal narratives.
Source of term lcgft
Authority record control number http://id.loc.gov/authorities/genreForms/gf2014026142.
655 #7 - INDEX TERM--GENRE/FORM
Genre/form data or focus term Autobiographies.
Source of term lcgft
Authority record control number http://id.loc.gov/authorities/genreForms/gf2014026047.
700 12 - ADDED ENTRY--PERSONAL NAME
Personal name Frank, Anne,
Dates associated with a name 1929-1945.
Title of a work Achterhuis.
Language of a work English.
Authority record control number http://id.loc.gov/authorities/names/n88013780.
942 ## - ADDED ENTRY ELEMENTS (KOHA)
Koha item type Libro/Book

No items available.

Powered by Koha